00410nam a2200169Ia 450000500170000000800410001702000140005808200140007210000200008624500190010626000300012530000200015565000180017565000120019365000140020565000210021920241205010716.0240331s9999 xx 000 0 und d a041590463 bDEVa891  aDevi, Mahasweta 0aImaginary Maps aNew YorkbRoutledgec1995 aXXXI, 213 p .,  aShort Stories aHistory aCriticism aIndia Literature